[Event "Asian Zonal 3.3 2019"]
[Site "Ulaanbaatar"]
[Date "2019.04.11"]
[Round "5.23"]
[White "Erkhes, Bayartnar"]
[Black "Gerelt-Od, Boldbaatar"]
[Result "1/2-1/2"]
[WhiteElo "1778"]
[BlackElo "1484"]
[Annotator "NA RC"]
[PlyCount "146"]
[EventDate "2019.04.07"]
[EventType "swiss"]
[EventRounds "9"]
[EventCountry "MGL"]
[SourceTitle "playchess.com"]
[Source "ChessBase"]
[SourceQuality "1"]
[TimeControl "40/5400+30:1800+30"]

1. e4 c5 2. Nf3 Nc6 3. Bb5 g6 4. O-O Bg7 5. Re1 e5 6. d3 Qe7 7. Nc3 a6 8. Bxc6 dxc6 9. Be3 Nf6 10. a4 Nd7 11. a5 O-O 12. Nd2 b5 13. axb6 Nxb6 14. Ra5 Nd7 15. Nb3 Rb8 16. Qa1 f5 17. Bxc5 Nxc5 18. Nxc5 f4 19. f3 g5 20. Nb3 g4 21. Qd1 g3 22. h3 Rf6 23. Ne2 Rh6 24. Nec1 Qh4 25. Qe2 Qg5 26. Qf1 Bf6 27. d4 Rh4 28. dxe5 Bd8 29. Qc4+ Kh8 30. Qf7 Be7 31. e6 Qf6 32. Qxf6+ Bxf6 33. Rf5 Kg7 34. e5 Bd8 35. Nd3 Bxe6 36. Rxf4 Bxb3 37. Rxh4 Bxh4 38. cxb3 Rxb3 39. Rd1 Bd8 40. Kf1 Bb6 41. Ke2 Bd4 42. f4 c5 43. Rc1 h5 44. Rc2 h4 45. Rc4 Kg6 46. Kd2 a5 47. Kc2 Rb5 48. b3 Kf5 49. Ra4 Ke6 50. Ne1 Kf5 51. Nd3 Ke4 52. Nc1 Kf5 53. Ne2 Be3 54. Nc3 Rb7 55. Rxa5 Rd7 56. Nb1 Kxf4 57. Ra4+ Bd4 58. b4 cxb4 59. Rxb4 Kxe5 60. Nd2 Rf7 61. Rb5+ Kf4 62. Kd3 Bf6 63. Rb4+ Kg5 64. Ne4+ Kh5 65. Rb5+ Kg6 66. Rb6 Kg7 67. Nxf6 Rxf6 68. Rxf6 Kxf6 69. Ke4 Ke6 70. Kf4 Kf6 71. Kg4 Ke5 72. Kxh4 Kf4 73. Kh5 Ke3 1/2-1/2

[Event "Asian Zonal 3.3 2019"]
[Site "Ulaanbaatar"]
[Date "2019.04.12"]
[Round "6.2"]
[White "Miciano, John Marvin"]
[Black "Batchuluun, Tsegmed"]
[Result "0-1"]
[WhiteElo "2339"]
[BlackElo "2547"]
[Annotator "TA"]
[PlyCount "129"]
[EventDate "2019.04.07"]
[EventType "swiss"]
[EventRounds "9"]
[EventCountry "MGL"]
[SourceTitle "playchess.com"]
[Source "ChessBase"]
[SourceQuality "1"]

{[%evp 12,129,20,5,10,-27,0,-19,-17,-22,-33,-31,-39,-41,-44,-52,-53,-87,-92,-119,-116,-114,-103,-166,-158,-163,-149,-166,-103,-127,-126,-137,-112,-158,-152,-168,-132,-225,-221,-229,-235,-270,-270,-261,-264,-284,-279,-293,-283,-278,-263,-339,-294,-288,-143,-134,-145,-133,-133,-203,-131,-140,0,-199,-202,-197,-197,-213,-212,-212,-207,-239,-239,-247,-247,-245,-243,-243,-232,-234,-233,-231,-231,-253,-253,-318,-317,-291,-268,-331,-325,-460,-285,-573,-283,-270,-260,-260,-258,-764,-262,-266,-260,-267,-260,-424,-281,-584,-553,-1545,-1263,-6146,-6146,-6528,-5907,-4634,-1835,-4627,-4627,-1464]} 1. d4 Nf6 2. c4 e6 3. g3 d5 4. Bg2 dxc4 5. Nf3 Bb4+ 6. Bd2 a5 7. O-O O-O {E04: Open Catalan: 5 Nf3} 8. Nc3 (8. Bg5 h6 9. Bxf6 Qxf6 10. a3 Bd6 11. Nc3 Nc6 12. Rc1 e5 13. d5 Nd4 14. Nxd4 exd4 15. Ne4 {0-1 (66) Ding,L (2777)-Wang,H (2709) Huaian 2017}) 8... c6 9. Qc2 Nbd7 {The position is equal.} 10. a4 b6 $146 {[%cal Bb7b6,Bb6b5][%mdl 32]} ({Predecessor:} 10... Qe7 11. Bg5 h6 12. Bxf6 Qxf6 13. Ne4 Qe7 14. Ne5 Nxe5 15. dxe5 {½-½ (76) Sumets,A (2589)-Wagner,D (2501) Haarlem 2014}) 11. Na2 Be7 12. Rfd1 Bb7 13. Bg5 b5 14. e4 h6 15. Bxf6 Nxf6 ({Much weaker is} 15... gxf6 $6 16. Qd2 $11) 16. Nc3 Qb6 17. e5 (17. Ne5 $17 {is a better defense.}) 17... Nd5 $19 18. Ne4 Rfc8 19. Qd2 c5 (19... Rc7 $19 20. Rab1 Rd7) 20. dxc5 Bxc5 21. axb5 Qxb5 22. Nd6 Bxd6 $1 23. exd6 Qd7 24. Ra3 (24. Qe1 $17 {might work better.}) 24... Qxd6 25. Rda1 Qb4 26. Qd4 c3 27. bxc3 Nxc3 {Strongly threatening ...Ne2+.} 28. Qe3 a4 29. Ne5 Bxg2 30. Kxg2 Ra5 31. Nd3 Qb7+ 32. Qf3 Rb5 (32... Qb8 $19 {and Black stays clearly on top.} 33. Nf4 Rac5) 33. Qxb7 $17 Rxb7 34. Rc1 Rbc7 35. Nb2 (35. Kf1 $17) 35... Rc5 36. Nd3 R5c7 (36... R5c6 $17 37. h3 f5) 37. Nb2 $1 $19 {[#]} Ne4 $1 38. Rxc7 Rxc7 {[%mdl 4096] Endgame KRN-KRN} 39. Nd3 Rc3 40. Rxa4 Nxg3 $1 ({Much less strong is} 40... Rxd3 41. Rxe4 Kf8 42. h4 $17) 41. Ne5 {[#]} Nh5 $1 42. f3 Rc2+ 43. Kg1 Rc7 44. Kf2 g5 45. h4 Kg7 46. hxg5 hxg5 47. Nc4 Nf4 48. Nd6 Rc2+ 49. Kf1 f5 50. Nb5 Kf6 51. Nd4 (51. Ra3 $142) 51... Rd2 52. Ke1 $2 (52. Nc6) 52... Rb2 (52... Rd3 $142 53. Kf2 g4 54. fxg4 fxg4) 53. Kf1 Ke5 54. Nc6+ Kd6 55. Ra6 $2 (55. Nd8) 55... Kd5 $2 (55... Rb1+ 56. Kf2 Nd3+ 57. Kg2 Nc5) 56. Nd8 Ke5 {White must now prevent ...Rb3.} 57. Nc6+ Kf6 {And now ...Rb3 would win.} 58. Nd4 $2 (58. Ra3) 58... Rb4 59. Nc6 $2 (59. Nc2 {nothing else works.} Rb3 60. Ne1) 59... Rb3 {Black is clearly winning.} 60. Kf2 g4 61. fxg4 fxg4 62. Ra4 g3+ 63. Ke1 Rb1+ 64. Kd2 g2 {( -> ...e5)} 65. Rxf4+ {Accuracy: White = 47%, Black = 68%.} 0-1

[Event "Asian Zonal 3.3 2019"]
[Site "Ulaanbaatar"]
[Date "2019.04.12"]
[Round "6.6"]
[White "Garidmagnai, Byambasuren"]
[Black "Gan-Erdene, Sugar"]
[Result "0-1"]
[WhiteElo "2313"]
[BlackElo "2375"]
[Annotator "TA"]
[PlyCount "64"]
[EventDate "2019.04.07"]
[EventType "swiss"]
[EventRounds "9"]
[EventCountry "MGL"]
[SourceTitle "playchess.com"]
[Source "ChessBase"]
[SourceQuality "1"]

{[%evp 15,64,24,34,13,19,-1,23,6,35,35,35,35,33,27,42,17,27,35,28,20,29,-34,-33,-33,-33,-39,-33,-74,-70,-182,-160,-168,-123,-360,-341,-483,-483,-433,-389,-761,-780,-743,-741,-581,-37,-574,-545,-952,-957,-884,-879]} 1. d4 Nf6 2. Nf3 g6 3. g3 Bg7 4. Bg2 O-O 5. O-O d6 6. b3 a5 {[%cal Ba7a5,Ba5a4][%mdl 32]} 7. c4 {A49: 1 d4 Nf6 2 Nf3 g6 3 g3: Anti-King's Indian systems} a4 8. Bb2 c6 {[%cal Bc7c6,Bc6c5][%mdl 32] LiveBook: 26 Games} 9. Re1 {White is slightly better.} Bf5 10. h3 $146 ({Predecessor:} 10. bxa4 Qa5 11. Nc3 Nbd7 12. Qb3 Nb6 13. e4 Bg4 14. e5 Nfd7 15. exd6 exd6 {0-1 (39) Kempinski,R (2610)-Andreikin,D (2689) Plovdiv 2012}) 10... c5 11. Nbd2 a3 12. Bc3 Ne4 13. Nxe4 Bxe4 14. Qd2 Nc6 {[%cal Bb8c6,Bc6b4,Bb4d3,Bd3f4][%mdl 32] [#] aiming for ...Bxf3.} 15. d5 {Threatens to win with Bxg7.} Bxc3 16. Qxc3 Bxf3 17. Bxf3 Nb4 18. e4 (18. Qd2 $11) 18... e5 $15 {[%cal Be7e5,Be5e4][%mdl 32]} 19. Bg2 f5 20. exf5 gxf5 21. f4 e4 22. g4 (22. Kh2 $15) 22... Nd3 $19 23. Re3 {gxf5 is the strong threat.} Nxf4 24. Rae1 $2 (24. Kh2 $17 Qg5 25. Rg1 fxg4 26. Rxe4) 24... Qg5 25. Rg3 (25. Bf1 $142 h5 26. Qc1) 25... Nd3 26. Re2 f4 27. Bxe4 $2 (27. Rxd3 exd3 28. Qxd3) 27... fxg3 28. Qxd3 Qc1+ 29. Kg2 Qf1+ 30. Kxg3 {[#]} Rae8 $1 {[%cal Re8e7] Black is clearly winning.} 31. Bxh7+ Kg7 32. Be4 Rf4 {Accuracy: White = 40%, Black = 79%.} 0-1

[Event "Asian Zonal 3.3 2019"]
[Site "Ulaanbaatar"]
[Date "2019.04.12"]
[Round "6.7"]
[White "Nasanjargal, Urtnasan"]
[Black "Nguyen, Van Huy"]
[Result "0-1"]
[WhiteElo "2482"]
[BlackElo "2436"]
[Annotator "TA"]
[PlyCount "80"]
[EventDate "2019.04.07"]
[EventType "swiss"]
[EventRounds "9"]
[EventCountry "MGL"]
[SourceTitle "playchess.com"]
[Source "ChessBase"]
[SourceQuality "1"]

{[%evp 15,80,-12,-12,-47,-44,-45,-30,-41,-33,-45,-35,-40,-9,-19,0,0,0,-24,0,-31,-46,-123,-136,-152,-64,-79,-104,-220,-231,-260,-266,-238,-155,-143,-133,-146,-133,-375,-365,-491,-489,-479,-430,-603,-622,-614,-597,-945,-917,-912,-881,-1016,-1038,-1037,-1033,-1018,-991,-1001,-993,-1192,-856,-1183,-1124,-6233,-5727,-2883,-2639]} 1. d4 Nf6 2. c4 e6 3. g3 d5 4. Bg2 Bb4+ 5. Nc3 O-O 6. Nf3 dxc4 7. O-O Nc6 8. a3 Be7 9. e4 {E20: Nimzo-Indian: 4 g3 and 4 f3} Na5 10. Be3 c6 11. Qe2 {Black has an edge.} (11. Qc2 b5 12. Rad1 Bb7 13. Ne5 Qc7 14. f4 Rad8 15. g4 a6 16. g5 Ne8 {0-1 (42) Salem,A (2672)-Movsesian,S (2629) chess.com INT 2019}) 11... b5 12. Rad1 Bb7 13. Ne5 Qc7 14. Bf4 $146 ({Predecessor:} 14. f4 Rad8 15. g4 Nd7 16. Nxd7 Rxd7 {1-0 (43) Schekachikhin,M (2356)-Sargsyan,S (2477) Manavgat 2018}) 14... Qb6 15. Bg5 Qc7 16. Bf4 $1 Qb6 17. Be3 Rad8 18. d5 (18. Ng4 $15) 18... c5 $1 $17 19. Bg5 {White wants to play Ng4.} Rfe8 (19... Nb3 $17 20. d6 Rxd6 21. Rxd6 Qxd6 22. Nxc4 Qa6 23. Bxf6 Bxf6) 20. d6 Rxd6 21. Bxf6 (21. Nxf7 $17 Kxf7 22. e5 Rxd1 23. Rxd1) 21... Bxf6 $19 ({Inferior is} 21... gxf6 22. Qg4+ Kf8 23. Nd7+ Rxd7 24. Rxd7 $11) 22. Nd7 {[#]} Rxd7 $1 23. Rxd7 {Black should prevent e5.} Bc6 24. e5 {[#]} Bxe5 $1 (24... Bxd7 25. exf6 Nb3 26. Qh5 $17) 25. Bxc6 Nxc6 ({But not} 25... Qxc6 $6 26. Rfd1 $11) 26. Ne4 $2 (26. Qe4 $17) 26... Nd4 27. Qh5 {[#]} g6 $1 {[%cal Rg6h5] Black is clearly winning.} 28. Qh6 Qc6 29. Rxf7 (29. Rxd4 $142 cxd4 30. Ng5) 29... Kxf7 30. Ng5+ Ke7 {[%cal Rd4e2]} 31. Re1 Bf6 32. Qxh7+ Kd8 33. Nf7+ Kc8 34. Re3 Kb8 35. Qxg6 Nf3+ 36. Rxf3 Qxf3 37. Ne5 Qd1+ 38. Kg2 Qd5+ {[%mdl 64] Double Attack} 39. f3 Qd2+ {[%mdl 64] Double Attack} 40. Kf1 Rf8 {Accuracy: White = 27%, Black = 63%.} 0-1

[Event "Asian Zonal 3.3 2019"]
[Site "Ulaanbaatar"]
[Date "2019.04.12"]
[Round "6.7"]
[White "Tugstumur, Yesuntumur"]
[Black "Tran, Tuan Minh"]
[Result "0-1"]
[WhiteElo "2355"]
[BlackElo "2553"]
[Annotator "TA"]
[PlyCount "62"]
[EventDate "2019.04.07"]
[EventType "swiss"]
[EventRounds "9"]
[EventCountry "MGL"]
[SourceTitle "playchess.com"]
[Source "ChessBase"]
[SourceQuality "1"]

{[%evp 12,62,14,4,6,0,10,1,24,-15,12,-55,-61,-87,-81,-138,-137,-135,-130,-169,-178,-188,-170,-173,-161,-178,-178,-291,-297,-293,-310,-309,-325,-323,-325,-512,-496,-535,-537,-602,-581,-721,-633,-605,-545,-2168,-1829,-1791,-1779,-1359,-1753,-1692,-1680]} 1. d4 Nf6 2. c4 e6 3. g3 c5 4. Nf3 cxd4 5. Nxd4 Bb4+ 6. Nc3 Ne4 7. Qc2 Qa5 {E20: Nimzo-Indian: 4 g3 and 4 f3} (7... Nxc3 8. bxc3 Be7 9. Bg2 a6 10. Bf4 O-O 11. Rb1 Nc6 12. O-O Na5 13. Qd3 d6 14. Nb3 Nc6 15. Rfd1 {1-0 (41) Edouard,R (2644)-Lopez Martinez,J (2580) Sitges 2018}) 8. Bd2 Nxd2 9. Qxd2 Nc6 {[%cal Bb8c6,Bc6a5,Ba5c4,Bc4b2][%mdl 32] The position is equal.} 10. Nb3 Qa6 $146 ({Predecessor:} 10... Qc7 11. a3 Be7 12. Nb5 Qb6 13. e4 d6 14. Qc3 O-O 15. Rd1 Rd8 {1-0 (117) Martirosyan,H (2411)-Paravyan,D (2509) Yerevan 2016}) 11. c5 (11. e4 $11) 11... Na5 $1 $15 {[%cal Ra5b3]} 12. Nd4 Nc4 13. Qc2 {[#]} (13. Qc1 $142) 13... Nxb2 $1 $17 {[%mdl 512]} 14. Qxb2 Qc4 $36 {[%mdl 2112] Double Attack. Black has strong initiative.} 15. Ndb5 Qxb5 $1 16. a3 Qc6 {Strongly threatening ...Bxc3+.} 17. axb4 {Black must now prevent e4.} Qxh1 18. Nb5 O-O 19. Nc7 (19. Qe5 $142) 19... Rb8 $19 20. Qe5 f6 21. Qf4 g5 22. Qd6 Qe4 ({And not} 22... Qxh2 23. Rxa7 Qh1 24. f3 $11) 23. f3 (23. Rd1 $142) 23... Qxb4+ {Black is clearly winning.} 24. Kf2 b6 25. Rc1 {If only White now had time for Nxe6....} bxc5 26. Rxc5 Rb6 27. Qe7 Qd4+ 28. e3 Rb2+ 29. Be2 Qd3 30. Rxg5+ fxg5 31. Qxg5+ Qg6 {Accuracy: White = 42%, Black = 84%.} 0-1

[Event "Asian Zonal 3.3 2019"]
[Site "Ulaanbaatar"]
[Date "2019.04.12"]
[Round "6.8"]
[White "Bilguun, Sumiya"]
[Black "Gomez, John Paul"]
[Result "1-0"]
[WhiteElo "2488"]
[BlackElo "2460"]
[Annotator "TA"]
[PlyCount "85"]
[EventDate "2019.04.07"]
[EventType "swiss"]
[EventRounds "9"]
[EventCountry "MGL"]
[SourceTitle "playchess.com"]
[Source "ChessBase"]
[SourceQuality "1"]

{[%evp 13,85,29,33,22,44,23,27,20,17,11,11,16,3,0,5,0,7,0,33,0,0,0,0,0,0,0,0,0,0,0,0,0,104,112,80,81,83,75,218,227,209,206,208,196,271,283,273,277,287,279,279,271,254,0,217,0,247,223,281,269,295,293,255,0,289,279,269,257,396,397,605,598,786,779]} 1. e4 e6 2. d4 d5 3. Nd2 Nf6 4. e5 Nfd7 5. c3 c5 6. f4 Nc6 7. Ndf3 a5 8. Bd3 {C05: French Tarrasch: 3...Nf6 4 e5 Nfd7, 5 f4 and 5 Bd3 sidelines} a4 9. a3 Nb6 10. Ne2 {White has an edge.} Nc4 11. O-O b5 $146 ({Predecessor:} 11... g6 12. Kh1 h5 13. Qc2 Ne7 14. dxc5 Nf5 15. Bxc4 dxc4 {1-0 (31) Anton Guijarro,D (2608)-Gergacz,A (2352) Wroclaw 2014}) 12. Kh1 Qb6 13. f5 exf5 14. Nf4 cxd4 15. cxd4 Be6 16. Ng5 (16. g4 $5 {[%cal Rg4f5]} g6 17. gxf5 gxf5 18. Rb1 $11) 16... Nxd4 17. Ngxe6 fxe6 18. Bxc4 bxc4 19. Be3 $36 {[%mdl 2048] White has some pressure.} Bc5 {Strongly threatening ...Kd7.} 20. Qh5+ $1 Ke7 21. Rad1 Rag8 $1 22. Qg5+ Ke8 {[#]} (22... Kd7 $11) 23. Bxd4 $1 $16 Bxd4 24. Nxe6 $1 Qxe6 25. Rxd4 {Qd2 is the strong threat.} Kd7 (25... Kf7 $16) 26. Rfd1 ({Much less strong is} 26. Rxf5 $6 Ke8 $16) 26... Kc6 {[#]} 27. Qd2 $1 {[%cal Rd4d5]} ({Don't take} 27. Rxd5 $6 Qxd5 28. Rxd5 Kxd5) 27... Rd8 28. Qb4 Ra8 {[#]} (28... Rhe8 {was necessary.} 29. Qxa4+ Kb7) 29. Rxc4+ $1 $18 {[%mdl 512]} dxc4 30. Rd6+ Qxd6 31. Qxd6+ {[%mdl 4096] Endgame KQ-KRR} Kb7 32. Qb4+ Kc6 {and the idea ...Kd5 leaves Black hopeful.} 33. Qd6+ $2 (33. Qxc4+ $18 Kb6 34. e6) 33... Kb5 $2 (33... Kb7 $11 {and Black is okay.} 34. Qb4+ Kc7 35. Qxc4+ Kb6) 34. Qb4+ Kc6 35. Qxc4+ Kb6 36. h3 g6 37. Qb4+ Kc6 38. Qc4+ Kb6 $1 39. e6 Rhc8 40. Qd4+ Kb7 (40... Kc6 $142 41. Qd7+ Kc5 42. Qxh7 Kd6 43. Qxg6 Rf8) 41. Qd7+ Rc7 (41... Kb6 $142 42. Qxh7 Rg8) 42. Qd5+ Kb8 {[#]} 43. e7 $1 {[%mdl 512] Accuracy: White = 75%, Black = 45%.} 1-0

[Event "Asian Zonal 3.3 2019"]
[Site "Ulaanbaatar"]
[Date "2019.04.12"]
[Round "6.8"]
[White "Munkhgal, Gombosuren"]
[Black "Tran, Minh Thang"]
[Result "1-0"]
[WhiteElo "2455"]
[BlackElo "2349"]
[Annotator "RC"]
[PlyCount "49"]
[EventDate "2019.04.07"]
[EventType "swiss"]
[EventRounds "9"]
[EventCountry "MGL"]
[SourceTitle "playchess.com"]
[Source "ChessBase"]
[SourceQuality "1"]
[TimeControl "40/5400+30:1800+30"]

1. d4 Nf6 2. Nf3 e6 3. Bf4 b6 4. e3 Bb7 5. h3 Bd6 6. Bxd6 cxd6 7. c4 O-O 8. Nc3 d5 9. cxd5 Nxd5 10. Nxd5 Bxd5 11. Bd3 f5 12. Qe2 Nc6 13. Bc4 Bxf3 14. Qxf3 d5 15. Bb5 Nb4 16. O-O a6 17. Be2 Qd6 18. Rfc1 Rfc8 19. Rxc8+ Rxc8 20. a3 Nc2 21. Bxa6 Ra8 22. Rc1 Nxa3 23. Bf1 b5 24. bxa3 Qxa3 25. Rc7 1-0

[Event "Asian Zonal 3.3 2019"]
[Site "Ulaanbaatar"]
[Date "2019.04.12"]
[Round "6.9"]
[White "Megaranto, Susanto"]
[Black "Batsuren, Dambasuren"]
[Result "1/2-1/2"]
[WhiteElo "2523"]
[BlackElo "2444"]
[Annotator "TA"]
[PlyCount "86"]
[EventDate "2019.04.07"]
[EventType "swiss"]
[EventRounds "9"]
[EventCountry "MGL"]
[SourceTitle "playchess.com"]
[Source "ChessBase"]
[SourceQuality "1"]

{[%evp 25,86,21,22,14,16,16,18,8,15,0,7,0,14,0,14,28,29,16,25,-10,10,10,9,8,6,-20,-28,-31,-13,-25,-4,-15,-12,-21,30,-43,-18,-28,0,0,0,0,0,0,0,0,0,0,0,0,0,0,0,0,0,0,0,0,0,0,0,0,0]} 1. d4 Nf6 2. Nf3 e6 3. c4 b6 4. g3 Ba6 5. Nbd2 Bb7 6. Bg2 Be7 7. O-O O-O 8. b3 d5 9. Bb2 Nbd7 10. Ne5 c5 11. Nxd7 Qxd7 12. dxc5 {E07: Closed Catalan: Main Line (5 Nf3 0-0 6 0-0 Nbd7)} bxc5 13. cxd5 exd5 {LiveBook: 13 Games} 14. e3 (14. e4 d4 15. Re1 a5 16. Nc4 Ra6 17. a4 Re8 18. Ba3 Bf8 19. f3 Qd8 {½-½ (28) Can,E (2586)-Debashis,D (2532) Dubai 2019}) 14... Rfd8 15. Rc1 Rac8 16. Qc2 $146 ({Predecessor:} 16. Qf3 Qe6 17. Rfd1 Qb6 18. Ba1 {1-0 (30) Noroozi,O (2094)-Davlyatshin,B Teheran 2002}) 16... Qe6 17. Rfd1 h6 18. Qb1 Bc6 19. Nf3 Bb5 20. Ne5 Be2 21. Re1 Bh5 22. h3 Nd7 23. e4 d4 24. Nd3 Bg6 25. f4 {[#] Strongly threatening f5.} Qb6 26. Kh2 f6 27. Rc2 Bf7 28. e5 fxe5 29. fxe5 {[#] Black must now prevent e6!} Bg6 (29... Bg5 $142) 30. Be4 (30. Qd1 $11) 30... Nf8 31. Qd1 Bxe4 32. Rxe4 {The position is equal.} Ne6 33. h4 Rf8 34. Bc1 Qc6 35. Qg4 Kh7 36. Ree2 Rf1 {[%csl Gc6][%cal Rf1h1]} 37. Qe4+ Qxe4 38. Rxe4 Rcf8 39. Kg2 Rd1 40. Nb2 Rdf1 41. Nd3 Rd1 42. Nb2 Rdf1 43. Nd3 Rd1 {Precision: White = 60%, Black = 44%.} 1/2-1/2

[Event "Asian Zonal 3.3 2019"]
[Site "Ulaanbaatar"]
[Date "2019.04.12"]
[Round "6.9"]
[White "Bersamina, Paulo"]
[Black "Khatanbaatar, Bazar"]
[Result "0-1"]
[WhiteElo "2444"]
[BlackElo "2337"]
[Annotator "TA"]
[PlyCount "106"]
[EventDate "2019.04.07"]
[EventType "swiss"]
[EventRounds "9"]
[EventCountry "MGL"]
[SourceTitle "playchess.com"]
[Source "ChessBase"]
[SourceQuality "1"]

{[%evp 13,106,11,8,11,9,5,2,6,20,10,4,-1,0,0,0,0,0,0,2,-22,-7,-25,-25,-29,0,0,12,-28,22,-21,-12,-83,-34,-39,-43,-71,-73,-77,-63,-102,-49,-56,-56,-76,-69,-173,-41,-74,-41,-41,-41,-39,-30,-83,-85,-339,-322,-521,-514,-512,-510,-510,-502,-689,-142,-142,-142,-120,-123,-123,-131,-135,-139,-127,-108,-236,-230,-226,-229,-248,-238,-289,-261,-261,-261,-252,-225,-255,-261,-566,-503,-2018,-878,-5173,-1727]} 1. e4 c5 2. Nf3 d6 3. d4 cxd4 4. Nxd4 Nf6 5. Nc3 a6 6. h3 e5 7. Nde2 b5 {[%cal Bb7b5,Bb5b4][%mdl 32]} 8. g4 {B90: Sicilian Najdorf: Unusual White 6th moves, 6 Be3 Ng4 and 6 Be3 e5} (8. Ng3 Nbd7 9. Bg5 h6 10. Be3 Bb7 11. Bd3 h5 12. Bg5 g6 13. O-O Be7 14. a3 h4 15. Nge2 Nc5 16. Bxf6 Bxf6 {1-0 (48) Dominguez Perez,L (2739)-Vachier Lagrave,M (2779) chess.com INT 2018}) 8... b4 9. Nd5 Nxd5 10. Qxd5 {The position is equal.} Ra7 11. Be3 Be6 12. Qd2 Rd7 13. Qxb4 d5 14. Qa4 $1 d4 15. Bd2 Qb6 16. Rb1 $146 Bc5 17. Nc1 O-O 18. Bd3 Rb7 19. Nb3 Be7 20. Na5 Rd7 21. b4 Rc7 22. Ke2 (22. O-O $11 {remains equal.}) 22... Nd7 23. Nb3 Rc6 24. Nc5 Bxc5 25. bxc5 Qc7 26. Ba5 {[#]} Nxc5 (26... Qc8 $1 $17 27. Rb6 Nxb6 28. Bxb6 Qd7) 27. Bxc7 $15 Nxa4 28. Rb7 f6 29. Ra7 {[#]} ({Better is} 29. Ba5 $15) 29... h5 (29... Bxa2 30. Ra1 $17) (29... Bc4 $1 $19 {[%cal Rc4d3]} 30. Ba5 Bxd3+ 31. cxd3 Rc2+ 32. Kf3 Nb2) 30. gxh5 Rf7 (30... Bxa2 31. Ra1 $11) 31. Ra8+ Kh7 {[%mdl 1024] Black has compensation.} 32. Ba5 Rb7 33. f4 ({But not} 33. Rxa6 $2 Rxa6 34. Bxa6 Ra7 $19) (33. h6 $11 {keeps the balance.}) 33... Nc5 $17 34. Rd1 $2 {[%mdl 8192]} (34. fxe5 $17 fxe5 35. Rg1) 34... Bf7 $19 ({Not} 34... Bxa2 35. Kf3 $17) 35. Rd2 $2 (35. Ke1 {is the only way for White.} Bxh5 36. Be2 Bxe2 37. Kxe2) 35... Bxh5+ 36. Kf2 exf4 37. Rd8 Nxd3+ 38. cxd3 Rc5 $2 (38... Rc1 $19 {( -> ...Rbb1)} 39. Rd5 Kg6) 39. Rd5 $17 Rxd5 40. exd5 {[%mdl 4096] Endgame KRB-KRB} Rb5 41. Bc7 g5 42. d6 {aiming for d7.} Rd5 43. Rb2 Bg6 44. Rb3 (44. Re2 $17 {was worth a try.} Bf5 45. h4) 44... Bf5 $19 45. h4 Kg6 46. Ra3 Bc8 ({Don't do} 46... gxh4 47. Ra5) 47. Ra4 Kh5 48. hxg5 fxg5 49. Rb4 Bf5 50. Ke2 Kg4 {And now ...Kg3 would win.} 51. Rb8 $2 (51. Rb1 {nothing else works.}) 51... Kg3 {Black is clearly winning.} 52. Rg8 (52. Ke1 $142 Kg2 53. Rb2+ Kf3 54. a3) 52... g4 (52... f3+ $142 53. Kd2 Bd7) 53. Rf8 Kg2 {Accuracy: White = 27%, Black = 65%.} (53... f3+ $142 54. Kd2 Kg2) 0-1

[Event "Asian Zonal 3.3 2019"]
[Site "Ulaanbaatar"]
[Date "2019.04.12"]
[Round "6.10"]
[White "Agibileg, Uurtsaikh"]
[Black "Chinguun, Bayaraa"]
[Result "0-1"]
[WhiteElo "2403"]
[BlackElo "2033"]
[Annotator "TA"]
[PlyCount "92"]
[EventDate "2019.04.07"]
[EventType "swiss"]
[EventRounds "9"]
[EventCountry "MGL"]
[SourceTitle "playchess.com"]
[Source "ChessBase"]
[SourceQuality "1"]

{[%evp 20,92,6,-18,37,41,75,75,85,83,88,61,61,54,66,56,88,85,97,91,88,74,118,118,124,124,118,130,79,84,95,94,92,95,90,84,104,76,112,108,120,127,174,179,198,200,213,213,199,214,212,218,314,104,109,0,172,-250,-294,-242,-70,-672,-662,-1031,-958,-3556,-6107,-2509,-1637,-29962,-6602,-29993,-29994,-29997,-29998]} 1. d4 Nf6 2. c4 g6 3. Nc3 d5 4. cxd5 Nxd5 5. e4 Nxc3 6. bxc3 Bg7 7. Qa4+ Nd7 8. Nf3 O-O 9. Bg5 c5 {D85: Exchange Grünfeld: Unusual White 7th moves and lines with 7 Nf3} 10. Rd1 Qc7 (10... cxd4 11. cxd4 h6 12. Be3 Nb6 13. Qb3 Bd7 14. Qa3 Na4 15. Bd3 Rc8 16. O-O b5 17. Rc1 {½-½ (50) Korobov,A (2687)-Fier,A (2604) Moscow 2015}) 11. Be2 {LiveBook: 3 Games} e5 (11... Nf6 $11 12. dxc5 Nd7) 12. d5 $14 Qd6 $146 ({Predecessor:} 12... Nb6 13. Qa3 Bg4 14. Be3 Rac8 15. Rb1 Bxf3 16. gxf3 a6 17. Qb3 {1-0 (32) Szeberenyi,A (2309)-Korpa,B (2357) Budapest 2013}) 13. Nd2 Nb6 14. Qa3 Bd7 15. O-O f5 16. f3 f4 17. Bh4 Bf6 18. Bf2 Be7 19. Rb1 Qc7 20. Bb5 Bd6 21. Qb3 Rab8 22. a4 a6 23. Bxd7 Nxd7 24. Nc4 b6 25. Na3 Kg7 26. Qc4 Qc8 27. Rb2 g5 28. Rfb1 h5 29. Qe2 Rf6 30. Nc4 Qc7 31. h4 gxh4 32. Bxh4 Rg6 33. Nxd6 Rxd6 34. Be7 Rg6 35. Qxa6 h4 (35... Rg8 $142 36. Bh4 Kh7) 36. Kf2 $2 (36. a5 $1 $18 {is the precise move to win.}) 36... c4 $16 {And now ...b5 would win.} 37. Qb5 (37. Bb4 $1 $16) 37... Ra8 $2 (37... Kf7 $1 $11 38. Bxh4 Rh8) 38. Rb4 $4 {[%mdl 8192] [#]} (38. Bb4 $18) 38... Ra5 $1 $19 {[%cal Ra5b5]} 39. Qxc4 {[#]} Qa7 $1 {White must now prevent ...b5+.} 40. Rb5 $2 {[%mdl 8192]} (40. Qe2 $15 h3 41. gxh3) 40... Rxa4 41. Qe2 {[#]} h3 $1 {[%mdl 512]} 42. gxh3 Ra2 43. R1b2 Ra1 44. h4 Rg3 {( -> ...Rag1)} 45. Qc4 Rag1 {[%csl Gg1][%cal Rg3g2]} 46. Ke2 R3g2+ {Precision: White = 48%, Black = 59%.} 0-1